000 00631nam a22002177a 4500
999 _c10119
_d10119
001 10119
003 OSt
005 20180418105503.0
008 180418b1978 bg ||||| |||| 00| 0 ben d
035 _a(BD-JhCC)10119
040 _aBD-JhCC
_dBD-JhCC
041 _aben
082 _a891.4409
_bSAR 1978
100 _aশরীফ, আহমদ
245 _aবাঙালী ও বাঙলা সাহিত্য /
_cআহমদ শরীফ
260 _aঢাকা :
_bবাংলা একাডেমী
_c1978.
300 _a528 p. :
_c21 cm.
650 _aBengali Literature
942 _2ddc
_cBK